000 00239as aa2200097a 44500
090 _aSERIADAS
_b00781
245 1 0 _aCARDER 60 Días
260 _bCorporación Autónoma Regional de Risaralda
_aColombia
041 0 _aEspañol
942 _cREVISTA
999 _c16793
_d16793